[Event "Moscow Aeroflot op-A"]
[Site "Moscow"]
[Date "2020.02.19"]
[Round "1"]
[White "Aleksandrov, Aleksej"]
[Black "Zarubitski, Viachaslau"]
[Result "1/2-1/2"]
[WhiteElo "2592"]
[BlackElo "2432"]
[PlyCount "87"]
[EventDate "2020.02.19"]
[EventType "swiss"]
[EventRounds "9"]
[EventCountry "RUS"]
[SourceTitle "CBM 195"]
[Source "ChessBase"]
[SourceDate "2020.04.30"]
[SourceVersion "1"]
[SourceVersionDate "2020.04.30"]
[SourceQuality "1"]

1. c4 c6 2. Nf3 Nf6 3. Nc3 d5 4. e3 g6 5. d4 Bg7 6. Be2 O-O 7. O-O Ne4 8. a4
Bf5 9. a5 dxc4 10. Bxc4 c5 11. Nxe4 Bxe4 12. d5 Nd7 13. Nd2 Ne5 14. Nxe4 Nxc4
15. Nxc5 Nxa5 16. e4 Rc8 17. Nd3 a6 18. Ra4 e6 19. dxe6 fxe6 20. e5 Qd5 21. Qe2
Nc6 22. h4 Nxe5 23. Nf4 Qb3 24. Qe4 Nc4 25. Qxe6+ Kh8 26. Ra3 Qc2 27. Rd3 Ne5
28. Rdd1 Rce8 29. Qh3 Qe4 30. Qg3 Nc6 31. h5 Nd4 32. hxg6 Rxf4 33. Rxd4 Bxd4
34. Bxf4 Qxg6 35. Qb3 Qe4 36. Bg3 Qc6 37. Rd1 Bg7 38. Bf4 Qe4 39. Be3 b5 40.
Qf7 Rf8 41. Qb3 Qc4 42. Qxc4 bxc4 43. Bd4 Rb8 44. Bxg7+ 1/2-1/2

[Event "Moscow Aeroflot op-A"]
[Site "Moscow"]
[Date "2020.02.19"]
[Round "1"]
[White "Antipov, Mikhail Al"]
[Black "Bharath, Subramaniyam H"]
[Result "0-1"]
[WhiteElo "2562"]
[BlackElo "2402"]
[PlyCount "116"]
[EventDate "2020.02.19"]
[EventType "swiss"]
[EventRounds "9"]
[EventCountry "RUS"]
[SourceTitle "CBM 195"]
[Source "ChessBase"]
[SourceDate "2020.04.30"]
[SourceVersion "1"]
[SourceVersionDate "2020.04.30"]
[SourceQuality "1"]

1. e4 c5 2. Nf3 e6 3. b3 b6 4. Bb2 Bb7 5. Nc3 Nc6 6. Qe2 a6 7. O-O-O Nd4 8. Qe3
Nxf3 9. gxf3 Nf6 10. Rg1 Qc7 11. f4 O-O-O 12. e5 Ne8 13. f5 exf5 14. d4 d5 15.
Qd3 cxd4 16. Qxf5+ Kb8 17. Ne2 g6 18. Qh3 Ng7 19. Nxd4 Ne6 20. Nxe6 fxe6 21.
Bd4 Bc5 22. Qe3 Rhf8 23. Bh3 Rc8 24. Rd2 Qe7 25. Rg4 Rf7 26. Rf4 Rxf4 27. Qxf4
Rf8 28. Qg4 Bc8 29. Kb1 Rf5 30. Bxc5 Qxc5 31. Qg3 Rf7 32. c3 Qf8 33. Qe3 Ka7
34. Bg2 Bb7 35. Qg3 Rf4 36. Kb2 Qf5 37. Bh3 Qxe5 38. Bxe6 g5 39. Bg8 d4 40.
cxd4 Qg7 41. Bc4 Rxd4 42. Rxd4 Qxd4+ 43. Kc2 Be4+ 44. Kc1 b5 45. Qc7+ Bb7 46.
Bg8 h6 47. a3 Qxf2 48. b4 Qd4 49. Bh7 h5 50. Kc2 h4 51. Qe7 Qf2+ 52. Kd3 g4 53.
Qe5 g3 54. hxg3 h3 55. Be4 Qf1+ 56. Kd2 Qf2+ 57. Kd3 Bxe4+ 58. Qxe4 Qf1+ 0-1

[Event "Moscow Aeroflot op-A"]
[Site "Moscow"]
[Date "2020.02.19"]
[Round "1"]
[White "Aravindh, Chithambaram VR"]
[Black "Visakh, NR."]
[Result "0-1"]
[WhiteElo "2630"]
[BlackElo "2518"]
[PlyCount "115"]
[EventDate "2020.02.19"]
[EventType "swiss"]
[EventRounds "9"]
[EventCountry "RUS"]
[SourceTitle "CBM 195"]
[Source "ChessBase"]
[SourceDate "2020.04.30"]
[SourceVersion "1"]
[SourceVersionDate "2020.04.30"]
[SourceQuality "1"]

1. e4 e5 2. Nf3 Nc6 3. Bb5 a6 4. Ba4 Nf6 5. O-O Be7 6. Re1 b5 7. Bb3 d6 8. c3
O-O 9. h3 Bb7 10. d4 Re8 11. Nbd2 Bf8 12. a4 h6 13. Bc2 exd4 14. cxd4 Nb4 15.
Bb1 c5 16. d5 Nd7 17. Ra3 c4 18. Ree3 Nc5 19. b3 c3 20. Rxc3 f5 21. axb5 fxe4
22. Nd4 Qf6 23. Nxe4 Nxe4 24. Rf3 Qe5 25. bxa6 Bxd5 26. Ra5 Nc5 27. Re3 Qf6 28.
a7 Be4 29. Bxe4 Nxe4 30. f3 Re5 31. Rxe5 dxe5 32. Nc2 Rd8 33. Qe2 Qc6 34. Rxe4
Qxc2 35. Qxc2 Nxc2 36. Rxe5 Ra8 37. Re2 Bc5+ 38. Kf1 Nd4 39. Ra2 Rxa7 40. Rxa7
Bxa7 41. Be3 Kf7 42. g4 Ke6 43. f4 Kd5 44. f5 Bc5 45. f6 g5 46. h4 Ne6 47. hxg5
hxg5 48. Ke2 Bxe3 49. Kxe3 Nd8 50. b4 Nf7 51. b5 Ne5 52. Kd2 Ke6 53. Kc3 Nxg4
54. b6 Nxf6 55. b7 Nd7 56. Kd4 Nb8 57. Ke4 Nc6 58. Kf3 0-1

[Event "Moscow Aeroflot op-A"]
[Site "Moscow"]
[Date "2020.02.19"]
[Round "1"]
[White "Artemiev, Vladislav"]
[Black "Ivic, Velimir"]
[Result "1-0"]
[WhiteElo "2728"]
[BlackElo "2558"]
[PlyCount "101"]
[EventDate "2020.02.19"]
[EventType "swiss"]
[EventRounds "9"]
[EventCountry "RUS"]
[SourceTitle "CBM 195"]
[Source "ChessBase"]
[SourceDate "2020.04.30"]
[SourceVersion "1"]
[SourceVersionDate "2020.04.30"]
[SourceQuality "1"]

1. d4 Nf6 2. Nf3 g6 3. Bg5 Bg7 4. Nbd2 O-O 5. e3 d6 6. Bc4 c5 7. c3 cxd4 8.
cxd4 Nc6 9. O-O h6 10. Bh4 e5 11. dxe5 dxe5 12. Bxf6 Qxf6 13. Ne4 Qf5 14. Qa4
Bd7 15. Nd6 Qf6 16. Rad1 Rad8 17. Qa3 e4 18. Nd2 Qxb2 19. Qxb2 Bxb2 20. Nxb7
Rb8 21. Nc5 Bg4 22. Rb1 Ne5 23. Bb3 Ba3 24. Ndxe4 Kg7 25. h3 Bf5 26. Rbd1 Rfd8
27. g4 Bxe4 28. Nxe4 Be7 29. Rxd8 Rxd8 30. Rc1 Rd7 31. Kf1 Nd3 32. Rc8 Ba3 33.
Rc3 Bb4 34. Rc6 Ne5 35. Ra6 Nf3 36. Nf6 Rd8 37. Ne4 Rd7 38. Kg2 Ne1+ 39. Kg3
Nd3 40. Nf6 Rd8 41. Nd5 Bd6+ 42. Kg2 Bb8 43. Ra5 Ne1+ 44. Kf1 Nf3 45. Bd1 Nd2+
46. Ke2 Ne4 47. Bb3 Rd7 48. f3 Nf6 49. Nb4 Bd6 50. Nc6 Rc7 51. Rxa7 1-0

[Event "Moscow Aeroflot op-A"]
[Site "Moscow"]
[Date "2020.02.19"]
[Round "1"]
[White "Basso, Pier Luigi"]
[Black "Krishna, CRG."]
[Result "1/2-1/2"]
[WhiteElo "2600"]
[BlackElo "2443"]
[PlyCount "80"]
[EventDate "2020.02.19"]
[EventType "swiss"]
[EventRounds "9"]
[EventCountry "RUS"]
[SourceTitle "CBM 195"]
[Source "ChessBase"]
[SourceDate "2020.04.30"]
[SourceVersion "1"]
[SourceVersionDate "2020.04.30"]
[SourceQuality "1"]

1. d4 d5 2. c4 e6 3. Nc3 Nf6 4. Nf3 Nbd7 5. Bg5 c6 6. e3 Qa5 7. Nd2 dxc4 8.
Bxf6 Nxf6 9. Nxc4 Qc7 10. Rc1 Bd7 11. g3 Be7 12. Bg2 O-O 13. O-O Rfd8 14. e4 b5
15. Nd2 b4 16. Na4 e5 17. dxe5 Ng4 18. Qe2 Nxe5 19. Nb3 Bg4 20. f3 Bc8 21. Nbc5
Qa5 22. b3 Nd7 23. Qf2 Nb6 24. Rfe1 Ba6 25. Bf1 Nxa4 26. Nxa4 Bb5 27. Nc5 Qb6
28. Rc2 Rd6 29. e5 Rd5 30. Ne4 Rxe5 31. Qxb6 axb6 32. Bxb5 cxb5 33. Rd1 f5 34.
Nd6 Rd8 35. Rcd2 Kf8 36. f4 Rc5 37. Kf1 g6 38. Ke1 Bf6 39. Kf1 Be7 40. Ke2 Bxd6
1/2-1/2

[Event "Moscow Aeroflot op-A"]
[Site "Moscow"]
[Date "2020.02.19"]
[Round "1"]
[White "Buksa, Nataliya"]
[Black "Sychev, Klementy"]
[Result "1/2-1/2"]
[WhiteElo "2403"]
[BlackElo "2563"]
[PlyCount "58"]
[EventDate "2020.02.19"]
[EventType "swiss"]
[EventRounds "9"]
[EventCountry "RUS"]
[SourceTitle "CBM 195"]
[Source "ChessBase"]
[SourceDate "2020.04.30"]
[SourceVersion "1"]
[SourceVersionDate "2020.04.30"]
[SourceQuality "1"]

1. e4 e6 2. d4 d5 3. Nd2 h6 4. Bd3 c5 5. dxc5 Bxc5 6. Qg4 Nf6 7. Qg3 dxe4 8.
Nxe4 Nxe4 9. Bxe4 Qd4 10. Bd3 Bb4+ 11. Kf1 Bd6 12. Ne2 Bxg3 13. Nxd4 Be5 14.
Be3 O-O 15. c3 Nd7 16. Rd1 a6 17. f3 Nf6 18. Kf2 Nd5 19. Bc1 Bxd4+ 20. cxd4 Bd7
21. Bd2 Bc6 22. g4 Rac8 23. h4 Ne7 24. Bb4 Rfe8 25. Rc1 Rcd8 26. Rhd1 Nd5 27.
Bd2 Ne7 28. Bb4 Nd5 29. Bd2 Ne7 1/2-1/2

[Event "Moscow Aeroflot op-A"]
[Site "Moscow"]
[Date "2020.02.19"]
[Round "1"]
[White "Chigaev, Maksim"]
[Black "Abdumalik, Zhansaya"]
[Result "1/2-1/2"]
[WhiteElo "2616"]
[BlackElo "2471"]
[PlyCount "91"]
[EventDate "2020.02.19"]
[EventType "swiss"]
[EventRounds "9"]
[EventCountry "RUS"]
[SourceTitle "CBM 195"]
[Source "ChessBase"]
[SourceDate "2020.04.30"]
[SourceVersion "1"]
[SourceVersionDate "2020.04.30"]
[SourceQuality "1"]

1. e4 e5 2. Nf3 Nc6 3. Bb5 a6 4. Ba4 Nf6 5. O-O Be7 6. d3 b5 7. Bb3 d6 8. a3
O-O 9. Nc3 Na5 10. Ba2 Be6 11. b4 Bxa2 12. Nxa2 Nb7 13. c4 c6 14. Nc3 Qd7 15.
Be3 h6 16. Qb3 Rfb8 17. Rab1 Qe6 18. Qa2 Nd8 19. Rfc1 Rb7 20. h3 Nd7 21. Qe2
Qg6 22. a4 bxa4 23. Qa2 Qe6 24. Qxa4 Rab8 25. Qa5 Nf6 26. c5 d5 27. Bd2 d4 28.
Ne2 Ra7 29. Nxe5 Rb5 30. Nxd4 Qxe5 31. Nxb5 cxb5 32. Qb6 Ra8 33. c6 Ne6 34. c7
Rc8 35. Qxa6 Rxc7 36. Rxc7 Nxc7 37. Qa1 Qh5 38. Be3 Ne6 39. d4 Qg6 40. d5 Ng5
41. Bxg5 hxg5 42. Re1 Bxb4 43. Re2 Bf8 44. d6 Nd7 45. e5 Qd3 46. Re3 1/2-1/2

[Event "Moscow Aeroflot op-A"]
[Site "Moscow"]
[Date "2020.02.19"]
[Round "1"]
[White "Deac, Bogdan Daniel"]
[Black "Zanan, Evgeny"]
[Result "1/2-1/2"]
[WhiteElo "2626"]
[BlackElo "2500"]
[PlyCount "120"]
[EventDate "2020.02.19"]
[EventType "swiss"]
[EventRounds "9"]
[EventCountry "RUS"]
[SourceTitle "CBM 195"]
[Source "ChessBase"]
[SourceDate "2020.04.30"]
[SourceVersion "1"]
[SourceVersionDate "2020.04.30"]
[SourceQuality "1"]

1. d4 Nf6 2. Nf3 g6 3. Nbd2 d5 4. e3 Bg7 5. b4 O-O 6. Bb2 a5 7. b5 a4 8. c4 c6
9. Ba3 Re8 10. Bd3 Nbd7 11. cxd5 cxd5 12. O-O e5 13. dxe5 Nxe5 14. Nxe5 Rxe5
15. Rc1 Re8 16. Qc2 Ng4 17. Nf3 Ne5 18. Nd4 Nxd3 19. Qxd3 Be6 20. Rc5 Rc8 21.
Rxc8 Qxc8 22. Rc1 Qd7 23. Qd1 Ra8 24. b6 Be5 25. f4 Bd6 26. Qd3 Re8 27. Bb2 f6
28. Nb5 Bf8 29. Nc7 Rc8 30. Bxf6 d4 31. a3 dxe3 32. Qxe3 Bb3 33. Bb2 Bg7 34.
Bxg7 Kxg7 35. Re1 Rd8 36. Kh1 Rf8 37. h3 Kg8 38. Qe5 Qf5 39. Re4 Qxe5 40. fxe5
Rf1+ 41. Kh2 Kf7 42. e6+ Ke7 43. Rh4 h5 44. Rd4 Rd1 45. Rxd1 Bxd1 46. Kg3 g5
47. h4 gxh4+ 48. Kxh4 Kf6 49. Kg3 Bb3 50. Kf4 Bc4 51. g3 Bb3 52. Na6 Kxe6 53.
Nc5+ Kd5 54. Nxb7 Kc6 55. Nc5 Kxb6 56. Nd3 Kb5 57. Kg5 Kc4 58. Nb2+ Kc3 59.
Nxa4+ Bxa4 60. Kxh5 Kb2 1/2-1/2

[Event "Moscow Aeroflot op-A"]
[Site "Moscow"]
[Date "2020.02.19"]
[Round "1"]
[White "Gadimbayli, Abdulla Azar"]
[Black "Yilmaz, Mustafa"]
[Result "0-1"]
[WhiteElo "2460"]
[BlackElo "2607"]
[PlyCount "84"]
[EventDate "2020.02.19"]
[EventType "swiss"]
[EventRounds "9"]
[EventCountry "RUS"]
[SourceTitle "CBM 195"]
[Source "ChessBase"]
[SourceDate "2020.04.30"]
[SourceVersion "1"]
[SourceVersionDate "2020.04.30"]
[SourceQuality "1"]

1. e4 c5 2. Nf3 d6 3. d4 cxd4 4. Nxd4 Nf6 5. Nc3 a6 6. g3 e5 7. Nf3 Be7 8. Bg2
O-O 9. O-O b5 10. a4 b4 11. Nd5 a5 12. Nxe7+ Qxe7 13. Nh4 Nc6 14. Nf5 Bxf5 15.
exf5 d5 16. c4 bxc3 17. bxc3 Rfd8 18. Ba3 Qc7 19. Rb1 e4 20. Rb5 Qe5 21. c4 e3
22. Qb1 exf2+ 23. Kh1 Nd4 24. Qa1 Ne4 25. cxd5 Re8 26. d6 Nxb5 27. Qxe5 Rxe5
28. Bb2 Ree8 29. d7 Re7 30. f6 gxf6 31. Bxe4 Rxe4 32. Bxf6 Rxa4 33. d8=Q+ Rxd8
34. Bxd8 Ra2 35. Kg2 Kg7 36. Bg5 Kg6 37. Be3 a4 38. Kf3 a3 39. Bxf2 Rb2 40. h3
a2 41. Ra1 Kf5 42. g4+ Ke5 0-1

[Event "Moscow Aeroflot op-A"]
[Site "Moscow"]
[Date "2020.02.19"]
[Round "1"]
[White "Grigoriants, Sergey"]
[Black "Adhiban, Baskaran"]
[Result "0-1"]
[WhiteElo "2539"]
[BlackElo "2654"]
[PlyCount "70"]
[EventDate "2020.02.19"]
[EventType "swiss"]
[EventRounds "9"]
[EventCountry "RUS"]
[SourceTitle "CBM 195"]
[Source "ChessBase"]
[SourceDate "2020.04.30"]
[SourceVersion "1"]
[SourceVersionDate "2020.04.30"]
[SourceQuality "1"]

1. e4 e5 2. Nf3 Nc6 3. Bb5 a6 4. Ba4 Nf6 5. O-O Bc5 6. c3 b5 7. Bb3 d6 8. a4
Bb7 9. d4 Bb6 10. Bg5 h6 11. Bxf6 Qxf6 12. Bd5 O-O 13. dxe5 dxe5 14. Qe2 Rfb8
15. Nbd2 bxa4 16. Rxa4 a5 17. Qc4 Nd8 18. Bxb7 Nxb7 19. Qe2 Nc5 20. Raa1 Rd8
21. Nc4 Nd3 22. g3 Qe6 23. Nxb6 cxb6 24. Rad1 Nc5 25. Nd2 Rd7 26. Nc4 Rad8 27.
Rxd7 Rxd7 28. h4 h5 29. Ra1 g6 30. b4 axb4 31. cxb4 Nb3 32. Ra3 Nd4 33. Qa2 Rc7
34. Ne3 Qh3 35. Nd1 Rc2 0-1

[Event "Moscow Aeroflot op-A"]
[Site "Moscow"]
[Date "2020.02.19"]
[Round "1"]
[White "Karthik, Venkataraman"]
[Black "Durarbayli, Vasif"]
[Result "0-1"]
[WhiteElo "2483"]
[BlackElo "2625"]
[PlyCount "144"]
[EventDate "2020.02.19"]
[EventType "swiss"]
[EventRounds "9"]
[EventCountry "RUS"]
[SourceTitle "CBM 195"]
[Source "ChessBase"]
[SourceDate "2020.04.30"]
[SourceVersion "1"]
[SourceVersionDate "2020.04.30"]
[SourceQuality "1"]

1. e4 e5 2. Nf3 Nc6 3. Bb5 a6 4. Ba4 Nf6 5. O-O Be7 6. Re1 b5 7. Bb3 O-O 8. a4
Bb7 9. d3 d6 10. Nbd2 Nd7 11. c3 Nc5 12. axb5 axb5 13. Rxa8 Qxa8 14. Bc2 b4 15.
d4 bxc3 16. bxc3 Nd7 17. Nc4 Qa1 18. Bb3 Bf6 19. Bg5 Qxd1 20. Rxd1 exd4 21.
cxd4 Nxd4 22. Nxd4 Bxg5 23. e5 Nxe5 24. Nxe5 dxe5 25. Nb5 Bc6 26. Nxc7 Rb8 27.
Bd5 Rd8 28. Bb3 Rc8 29. Ne6 Be7 30. Rc1 h5 31. g3 h4 32. Bd5 Bd7 33. Rxc8+ Bxc8
34. Nc7 g6 35. Bc4 Kf8 36. Nd5 Bd8 37. Nb4 h3 38. Nd3 f6 39. Nc5 Bb6 40. Ne4
Kg7 41. Nd6 Bd7 42. Bf1 Bc5 43. Ne4 Bd4 44. Be2 Bf5 45. Bf3 Bb6 46. Kf1 Ba5 47.
Ke2 Bb4 48. Ke3 Bd7 49. Nd2 Bb5 50. Bd5 f5 51. Nc4 Kf6 52. Kf3 Ba4 53. Ke2 Bc5
54. Ne3 e4 55. Bc4 Ke5 56. Ba6 g5 57. Nc4+ Kd4 58. Nd2 Bc2 59. Bc8 Bd3+ 60. Kd1
Ke5 61. Ke1 Bb4 62. Kd1 Bb5 63. Nb1 Ba4+ 64. Ke2 f4 65. gxf4+ gxf4 66. Nd2 Bb5+
67. Kd1 f3 68. Bb7 Be2+ 69. Kc2 Bd3+ 70. Kd1 Kf4 71. Bc8 Bc5 72. Ke1 Bxf2+ 0-1

[Event "Moscow Aeroflot op-A"]
[Site "Moscow"]
[Date "2020.02.19"]
[Round "1"]
[White "Karthikeyan, Murali"]
[Black "Radovanovic, Mihajlo"]
[Result "1-0"]
[WhiteElo "2602"]
[BlackElo "2458"]
[PlyCount "143"]
[EventDate "2020.02.19"]
[EventType "swiss"]
[EventRounds "9"]
[EventCountry "RUS"]
[SourceTitle "CBM 195"]
[Source "ChessBase"]
[SourceDate "2020.04.30"]
[SourceVersion "1"]
[SourceVersionDate "2020.04.30"]
[SourceQuality "1"]

1. e4 c5 2. Nf3 d6 3. d4 cxd4 4. Nxd4 Nf6 5. Nc3 g6 6. Be3 Bg7 7. f3 O-O 8. Qd2
Nc6 9. O-O-O d5 10. Qe1 e5 11. Nxc6 bxc6 12. exd5 Nxd5 13. Bc4 Be6 14. Ne4 Qc7
15. Bc5 Rfd8 16. h4 Nf4 17. Qc3 Rxd1+ 18. Rxd1 Rd8 19. g3 Bxc4 20. Qxc4 Rxd1+
21. Kxd1 Qd7+ 22. Ke1 Ne6 23. Qb4 f5 24. Qb8+ Qd8 25. Qxd8+ Nxd8 26. Nf2 a6 27.
Bb6 Ne6 28. c3 Bf8 29. Nd3 Bd6 30. Kf2 Kf7 31. b4 h5 32. a4 Kf6 33. Nb2 Bc7 34.
Nc4 Bxb6+ 35. Nxb6 Nc7 36. Nd7+ Ke6 37. Nf8+ Kf7 38. Nd7 Ke6 39. Nc5+ Kd5 40.
Ke2 Kd6 41. c4 Ke7 42. Ke3 Kd6 43. Ke2 Ke7 44. Kf2 Kd6 45. g4 Ke7 46. g5 Kd6
47. Ke3 Ke7 48. Nd3 Kd6 49. f4 e4 50. Ne5 c5 51. b5 axb5 52. axb5 Na8 53. Nxg6
Nb6 54. Ne5 Ke6 55. Kd2 Ke7 56. Nc6+ Ke6 57. Na5 Ke7 58. Kc3 Na4+ 59. Kb3 Nb6
60. Nb7 Nd7 61. Kc3 Ke6 62. Na5 Kd6 63. Nb3 Nf8 64. b6 Kc6 65. Nxc5 Kxb6 66.
Kd4 Ng6 67. Nxe4 Nxh4 68. Ng3 Nf3+ 69. Kd5 h4 70. Nh1 h3 71. g6 Nh2 72. Nf2 1-0

[Event "Moscow Aeroflot op-A"]
[Site "Moscow"]
[Date "2020.02.19"]
[Round "1"]
[White "Kovalev, Vladislav"]
[Black "Asadli, Vugar Afgan Oglu"]
[Result "1-0"]
[WhiteElo "2650"]
[BlackElo "2538"]
[PlyCount "67"]
[EventDate "2020.02.19"]
[EventType "swiss"]
[EventRounds "9"]
[EventCountry "RUS"]
[SourceTitle "CBM 195"]
[Source "ChessBase"]
[SourceDate "2020.04.30"]
[SourceVersion "1"]
[SourceVersionDate "2020.04.30"]
[SourceQuality "1"]

1. c4 e5 2. Nc3 Nf6 3. Nf3 Nc6 4. e3 Bb4 5. Qc2 O-O 6. Nd5 Be7 7. Nxe7+ Qxe7 8.
d3 d5 9. cxd5 Nxd5 10. a3 a5 11. Be2 Nf6 12. O-O Bf5 13. e4 Bg4 14. Be3 Rfd8
15. Rac1 a4 16. h3 Bxf3 17. Bxf3 Ne8 18. Bg4 Qd6 19. Rfd1 Ra5 20. Qd2 Ra6 21.
Rc4 Qe7 22. Qc2 Rda8 23. f4 Ra5 24. d4 exd4 25. Bxd4 h5 26. Bf3 Nd6 27. Rxc6
bxc6 28. e5 Nb5 29. Bc5 Qe6 30. Bxh5 Qb3 31. Qf2 Nd6 32. exd6 cxd6 33. Rxd6 Qb5
34. Bxf7+ 1-0

[Event "Moscow Aeroflot op-A"]
[Site "Moscow"]
[Date "2020.02.19"]
[Round "1"]
[White "Kovalevskaya, Ekaterina"]
[Black "Sanal, Vahap"]
[Result "0-1"]
[WhiteElo "2407"]
[BlackElo "2569"]
[PlyCount "106"]
[EventDate "2020.02.19"]
[EventType "swiss"]
[EventRounds "9"]
[EventCountry "RUS"]
[SourceTitle "CBM 195"]
[Source "ChessBase"]
[SourceDate "2020.04.30"]
[SourceVersion "1"]
[SourceVersionDate "2020.04.30"]
[SourceQuality "1"]

1. e4 d6 2. d4 Nf6 3. Nc3 e5 4. Nf3 Nbd7 5. g3 Be7 6. Bg2 O-O 7. O-O c6 8. a4
b6 9. Nh4 g6 10. Bg5 Re8 11. dxe5 dxe5 12. Qf3 Nf8 13. Rad1 N6d7 14. Bxe7 Qxe7
15. Qe3 a5 16. Rd2 Nc5 17. Rfd1 Bg4 18. Bf3 Bd7 19. Be2 Rad8 20. Nf3 Kg7 21. b3
f6 22. Nb1 Bh3 23. Na3 Rxd2 24. Nxd2 Nfe6 25. Ndc4 Nd4 26. Nxb6 Nce6 27. Nbc4
Nxe2+ 28. Qxe2 Nd4 29. Qe3 Bg4 30. Rd3 h5 31. c3 Nf3+ 32. Kg2 Qe6 33. Rd6 Bh3+
34. Kh1 Qg4 35. Nd2 Nxd2 36. Rxd2 Rb8 37. f3 Qc8 38. c4 Qb7 39. Rd3 Bf1 40. Rd1
Qxb3 41. Rd7+ Kg8 42. Rd8+ Kf7 43. Qa7+ Rb7 44. Qf2 Bh3 45. Nc2 Qxc4 46. Rd1
Kg7 47. Ne3 Qxa4 48. Qe1 Qb3 49. Rc1 a4 50. Kg1 a3 51. Kf2 a2 52. Qd2 Qb2 53.
Nc2 Rd7 0-1

[Event "Moscow Aeroflot op-A"]
[Site "Moscow"]
[Date "2020.02.19"]
[Round "1"]
[White "Kozionov, Kirill"]
[Black "Kobalia, Mihail"]
[Result "1/2-1/2"]
[WhiteElo "2466"]
[BlackElo "2609"]
[PlyCount "83"]
[EventDate "2020.02.19"]
[EventType "swiss"]
[EventRounds "9"]
[EventCountry "RUS"]
[SourceTitle "CBM 195"]
[Source "ChessBase"]
[SourceDate "2020.04.30"]
[SourceVersion "1"]
[SourceVersionDate "2020.04.30"]
[SourceQuality "1"]

1. b3 e5 2. Bb2 Nc6 3. e3 g6 4. d4 exd4 5. Nf3 Bg7 6. Nxd4 Nxd4 7. Bxd4 Nf6 8.
Be2 O-O 9. O-O d5 10. c4 dxc4 11. Bxc4 Ne4 12. Bxg7 Kxg7 13. Qxd8 Rxd8 14. f3
Nd6 15. Be2 Nf5 16. Kf2 Re8 17. e4 Nd4 18. Bd3 Rd8 19. Rd1 Nb5 20. Rd2 a6 21.
Bc4 Bd7 22. a4 Nd6 23. Bf1 a5 24. Nc3 Be6 25. Rb1 f5 26. exf5 Nxf5 27. Rbd1
Rxd2+ 28. Rxd2 Nd6 29. Nd5 Ne8 30. Bc4 Rd8 31. Ke3 Bxd5 32. Rxd5 Rxd5 33. Bxd5
Nd6 34. f4 Kf6 35. g3 c6 36. Bg2 Nf5+ 37. Kd3 Ke6 38. Be4 Nd6 39. Bf3 Nf5 40.
Be4 Nd6 41. Bf3 Nf5 42. Ke4 1/2-1/2

[Event "Moscow Aeroflot op-A"]
[Site "Moscow"]
[Date "2020.02.19"]
[Round "1"]
[White "Kulaots, Kaido"]
[Black "Martirosyan, Haik M"]
[Result "1/2-1/2"]
[WhiteElo "2510"]
[BlackElo "2630"]
[PlyCount "69"]
[EventDate "2020.02.19"]
[EventType "swiss"]
[EventRounds "9"]
[EventCountry "RUS"]
[SourceTitle "CBM 195"]
[Source "ChessBase"]
[SourceDate "2020.04.30"]
[SourceVersion "1"]
[SourceVersionDate "2020.04.30"]
[SourceQuality "1"]

1. e4 e5 2. Nf3 Nc6 3. Bb5 Nf6 4. d3 d6 5. O-O Bd7 6. Re1 Be7 7. c3 O-O 8. Nbd2
Re8 9. Nf1 Bf8 10. Bg5 h6 11. Bh4 g6 12. a4 Bg7 13. Ne3 Qc8 14. a5 Nd8 15. Bc4
Be6 16. a6 b6 17. Nd2 Qd7 18. f3 c6 19. Bb3 Bxb3 20. Nxb3 d5 21. Bxf6 Bxf6 22.
exd5 cxd5 23. d4 exd4 24. Nxd4 Bg5 25. Qd3 Nc6 26. Nxc6 Bxe3+ 27. Rxe3 Qxc6 28.
Rae1 b5 29. Rxe8+ Rxe8 30. Rxe8+ Qxe8 31. Kf2 Qc6 32. Qd4 Qxa6 33. Qxd5 Qb6+
34. Kg3 a5 35. Qe5 1/2-1/2

[Event "Moscow Aeroflot op-A"]
[Site "Moscow"]
[Date "2020.02.19"]
[Round "1"]
[White "Maghsoodloo, Parham"]
[Black "Frolyanov, Dmitry"]
[Result "1-0"]
[WhiteElo "2674"]
[BlackElo "2556"]
[PlyCount "83"]
[EventDate "2020.02.19"]
[EventType "swiss"]
[EventRounds "9"]
[EventCountry "RUS"]
[SourceTitle "CBM 195"]
[Source "ChessBase"]
[SourceDate "2020.04.30"]
[SourceVersion "1"]
[SourceVersionDate "2020.04.30"]
[SourceQuality "1"]

1. d4 d5 2. c4 e6 3. Nc3 c6 4. e4 dxe4 5. Nxe4 Bb4+ 6. Nc3 c5 7. Nf3 Nf6 8. Be2
O-O 9. O-O cxd4 10. Nxd4 a6 11. Na4 Nbd7 12. a3 Be7 13. b4 a5 14. Rb1 axb4 15.
axb4 Ne5 16. Nc3 Bd7 17. Qb3 Qb8 18. f4 Ng6 19. Ncb5 Re8 20. c5 Bf8 21. Bc4 Kh8
22. h3 Qc8 23. Nf3 Bxb5 24. Bxb5 Rd8 25. Ng5 Rd4 26. Bc4 Qc7 27. Be3 Rd7 28. f5
Nh4 29. fxe6 fxe6 30. Bxe6 Qg3 31. Rb2 Re7 32. Bf4 Qxb3 33. Bxb3 h6 34. Ne6 Rd7
35. Bxh6 gxh6 36. Rxf6 Bg7 37. Nxg7 Kxg7 38. Rbf2 Ra1+ 39. Kh2 Rb1 40. Rf7+
Rxf7 41. Rxf7+ Kg6 42. Bc2+ 1-0

[Event "Moscow Aeroflot op-A"]
[Site "Moscow"]
[Date "2020.02.19"]
[Round "1"]
[White "Mamedov, Rauf"]
[Black "Kozak, Adam"]
[Result "1-0"]
[WhiteElo "2643"]
[BlackElo "2523"]
[PlyCount "120"]
[EventDate "2020.02.19"]
[EventType "swiss"]
[EventRounds "9"]
[EventCountry "RUS"]
[SourceTitle "CBM 195"]
[Source "ChessBase"]
[SourceDate "2020.04.30"]
[SourceVersion "1"]
[SourceVersionDate "2020.04.30"]
[SourceQuality "1"]

1. e4 e5 2. Nf3 Nc6 3. Bb5 Nf6 4. O-O Nxe4 5. Re1 Nd6 6. a4 Be7 7. Nc3 a6 8.
Bf1 e4 9. Nxe4 Nxe4 10. Rxe4 d5 11. Re1 O-O 12. d4 Bg4 13. c3 Bd6 14. h3 Bf5
15. a5 Rb8 16. b4 Re8 17. Be3 Ne7 18. Ne5 Ng6 19. Qh5 Nxe5 20. Qxf5 Qd7 21.
Qxd7 Nxd7 22. b5 axb5 23. Bxb5 c6 24. Bd3 Ra8 25. a6 bxa6 26. Bxa6 Reb8 27. Bd3
Rxa1 28. Rxa1 h6 29. Ra7 Nb6 30. Ra6 Kf8 31. g4 Ke8 32. h4 Bc7 33. Ra7 Bd6 34.
Bf5 Kf8 35. Ra6 Ke8 36. h5 Kd8 37. Ra7 Ke8 38. Kg2 Kf8 39. Ra6 Rb7 40. Kf3 f6
41. Ra2 Ke7 42. Rb2 Kd8 43. Bf4 Bxf4 44. Kxf4 Rb8 45. Rb1 Ke7 46. Re1+ Kf8 47.
Ra1 Rb7 48. Rb1 Rb8 49. Be6 Ke7 50. Kf5 Kd6 51. Bf7 Ke7 52. Kg6 Kf8 53. Be6 Ke7
54. Bf5 Kf8 55. Rb2 Kg8 56. Be6+ Kf8 57. f4 Ke7 58. f5 Kf8 59. Rb1 Rb7 60. Bd7
Rxd7 1-0

[Event "Moscow Aeroflot op-A"]
[Site "Moscow"]
[Date "2020.02.19"]
[Round "1"]
[White "Mendonca, Leon Luke"]
[Black "Idani, Pouya"]
[Result "1/2-1/2"]
[WhiteElo "2418"]
[BlackElo "2577"]
[PlyCount "71"]
[EventDate "2020.02.19"]
[EventType "swiss"]
[EventRounds "9"]
[EventCountry "RUS"]
[SourceTitle "CBM 195"]
[Source "ChessBase"]
[SourceDate "2020.04.30"]
[SourceVersion "1"]
[SourceVersionDate "2020.04.30"]
[SourceQuality "1"]

1. d4 Nf6 2. c4 e6 3. Nc3 Bb4 4. e3 d5 5. Nf3 O-O 6. Bd2 Nbd7 7. Rc1 Re8 8. Qb3
Bxc3 9. Bxc3 b6 10. cxd5 exd5 11. Bb5 Bb7 12. O-O a6 13. Bd3 a5 14. Qc2 Ne4 15.
b3 Ba6 16. Bxa6 Rxa6 17. Bb2 Ra7 18. Rcd1 f6 19. Ne1 Nf8 20. Nd3 Qd7 21. Rfe1
Ng6 22. f3 Ng5 23. a4 Raa8 24. Rc1 Rac8 25. Qc6 Qf7 26. Ba3 h5 27. Kf2 h4 28.
h3 Ne7 29. Qd7 Qe6 30. Qxe6+ Nxe6 31. Bxe7 Rxe7 32. Rc6 Nd8 33. Rc2 Ne6 34. Rc6
Nd8 35. Rc3 Ne6 36. Rc6 1/2-1/2